Score 0/30 Timer 10:00
3 Plays Today
Description Movie % Correct
An unusual nanny flies to a house in response to a note written by the children.Mary Poppins
81.2%
Daniel was denied custody of his children, so he disguises himself as a nanny.Mrs. Doubtfire
80.4%
Maria leaves her convent to become the governess for a military family.The Sound of Music
74.7%
Miss Hannigan really doesn't like 'Little Girls' and therefore probably shouldn't run an orphanage.Annie
63%
Phil, Stu, and Alan have a lot of problems, one of which is a baby in the closet.The Hangover
58.9%
Peter & Michael have to take care of Jack's (surprise!) daughter while he is out of town.3 Men and a Baby
53.2%
An unreliable relative is a family's last resort to babysit while the parents are out of town.Uncle Buck
42.4%
Chris is watching the Anderson kids when her friend needs to be rescued from downtown Chicago.Adventures in Babysitting
40.5%
Shane is a Navy SEAL who is assigned to protect the children of a government scientist.The Pacifier
36.8%
Sue Ellen gets a job to support her siblings so their mother won't find out the truth & will stay away for the summer.Don't Tell Mom the Babysitter's Dead
35.2%
Laurie becomes the object of a serial killer's obsession while she is babysitting.Halloween
34.3%
Peyton becomes a nanny to get revenge on the family she blames for her miscarriage & her husband's suicide.The Hand That Rocks the Cradle
32.4%
James volunteers to babysit for the woman who went into labor in his taxi.Look Who's Talking
30.9%
A hitman is chosen by a young girl to be her guardian after her family is killed.Leon: The Professional
30.7%
Dr. Grant doesn't like children, but he needs to get 2 kids safely back to their grandfather.Jurassic Park
28.5%
Description Movie % Correct
Two sisters are surprised to learn the one who isn't motherly was chosen as guardian for their deceased sister's 3 children.Raising Helen
28.4%
Seven girls decide to spend the summer together by running a day camp.The Baby-Sitters Club
26.4%
Will accidentally becomes a surrogate father to a bullied boy with a suicidal mother.About a Boy
24.9%
George, the biker next-door neighbor, offers to watch the kids for a working single mother.Erin Brockovich
22.3%
Sarah doesn't want to be babysitting her half-brother, so she accidentally wishes him away.Labyrinth
22.3%
Jill is terrorized by telephone while babysitting.When a Stranger Calls
21.4%
Kari leaves continuous voicemails for the unreachable parents of the mysterious baby she is watching.The Incredibles
19.8%
Annie is a recent college graduate who treats her new childcare job like an anthropology study.The Nanny Diaries
16.8%
A Nelwyn must protect a Daikini baby from an evil queen.Willow
14.4%
Kat falls for the father of the girl she is babysitting while working several jobs to pay for Yale.Mystic Pizza
10.9%
Mary and the children who live with her must find their stolen sheep or she'll have to marry evil Mr. Barnaby.Babes in Toyland
9.1%
Chad is a 'child technician' who really likes jazz.Jerry Maguire
5.1%
Hawkins poses as Giacomo so that the true king, the baby with the birthmark, can be restored to the throne.The Court Jester
3.8%
Boots & Alvie accidentally kidnap a runaway 7-year-old girl and pay more attention to her than her parents do.Savannah Smiles
3.8%
Ana sings a lullaby to her baby & then goes to work where she sings the same lullaby to the child of her employer.Paris, je t'aime
2%

You're not logged in!

Compare scores with friends on all Sporcle quizzes.
OR
Log In

Sporcle TV

Today on Sporcle TV


Watch our educational content, quiz creation guides, and fun videos on Sporcle TV.

Show Comments

Extras

Top Quizzes Today


Score Distribution

Paid Content

Your Account Isn't Verified!

In order to create a playlist on Sporcle, you need to verify the email address you used during registration. Go to your Sporcle Settings to finish the process.

Report this User

Report this user for behavior that violates our Community Guidelines.

Details: